00517nam a2200145Ia 4500020001800000082002000018245003900038260004000077300001400117504003600131650005400167650005500221650007100276700002400347 a81-8069-390-2 aRR 923.254 GAN- 0aGandhi ek adhyayan: reading Gandhi aNew DelhibConcept Publishingc2007 axvii, 413 aincludes bibliography and index aGandhi, Mohandas Karamchand, 1869-1948vBiography aGandhi, Mohandas Karamchand, 1869-1948vPhilosophy aGandhi, Mohandas Karamchand, 1869-1948vPolitical and social views aJolly, Surjeet Kaur